À qui appartient l'oeuvre d'art ? (notice n° 1566126)

détails MARC
000 -LEADER
fixed length control field 01101cam a2200133 4500500
005 - DATE AND TIME OF LATEST TRANSACTION
control field 20251214001353.0
041 ## - LANGUAGE CODE
Language code of text/sound track or separate title fre
042 ## - AUTHENTICATION CODE
Authentication code dc
100 10 - MAIN ENTRY--PERSONAL NAME
Personal name Chaudenson, Françoise
Relator term author
245 00 - TITLE STATEMENT
Title À qui appartient l'oeuvre d'art ?
260 ## - PUBLICATION, DISTRIBUTION, ETC.
Name of publisher, distributor, etc. Armand Colin,<br/>
Date of publication, distribution, etc. 2007.<br/>
520 ## - SUMMARY, ETC.
Summary, etc. La question de la propriété de l'Œuvre d'art a pris une importance inédite. En cause, la mondialisation, l'ouverture des marchés, la montée en puissance des nouveaux supports et la confrontation de régimes juridiques très différents. C'est de l'avenir même du travail artistique qu'il est question. D'où l'importance de cet ouvrage : après un rappel des données historiques fondamentales, l'auteur clarifie les différents mécanismes d'appropriation du phénomène artistique. Croisant les ressources du droit et des sciences sociales, il éclaire le débat et propose des pistes d'avenir pour pallier de manière réaliste la menace croissante de dérégulation massive.
856 41 - ELECTRONIC LOCATION AND ACCESS
Uniform Resource Identifier <a href="https://shs.cairn.info/a-qui-appartient-l-oeuvre-d-art--9782200347239?lang=fr&redirect-ssocas=7080">https://shs.cairn.info/a-qui-appartient-l-oeuvre-d-art--9782200347239?lang=fr&redirect-ssocas=7080</a>

Pas d'exemplaire disponible.

PLUDOC

PLUDOC est la plateforme unique et centralisée de gestion des bibliothèques physiques et numériques de Guinée administré par le CEDUST. Elle est la plus grande base de données de ressources documentaires pour les Étudiants, Enseignants chercheurs et Chercheurs de Guinée.

Adresse

627 919 101/664 919 101

25 boulevard du commerce
Kaloum, Conakry, Guinée

Réseaux sociaux

Powered by Netsen Group @ 2025